Les pays les plus tolérants en matière de religion - Statistiques

Statistiques générales
  • Ce quiz a été pris 174 fois
  • Le résultat moyen est 19 sur 55
Statistiques - réponses
Rang Indice sur 10 Pays du plus au moins tolérant % Correct
12 0,9 Japon
72%
28 1,2 Canada
71%
25 1,1 Australie
67%
33 1,3 Brésil
63%
3 0,5 Nouvelle-Zélande
58%
12 0,9 Afrique-du-Sud
49%
33 1,3 Chili
46%
53 1,9 Congo
46%
18 1 Portugal
44%
18 1 Irlande
43%
42 1,5 Fidji
41%
25 1,1 Uruguay
41%
53 1,9 Paraguay
39%
18 1 Bolivie
38%
46 1,6 Tonga
38%
42 1,5 Nauru
35%
33 1,3 Samoa
35%
42 1,5 Vanuatu
35%
12 0,9 Kiribati
33%
8 0,7 Micronésie
33%
28 1,2 Sénégal
33%
38 1,4 Papouasie-Nouvelle-Guinée
32%
18 1 Salomon
32%
3 0,5 Cap-vert
31%
46 1,6 Dominique
31%
12 0,9 Gabon
31%
28 1,2 Mali
31%
42 1,5 Maurice
31%
50 1,7 Taïwan
31%
38 1,4 Jamaïque
30%
6 0,6 Marshall
30%
1 0,4 Palaos
30%
53 1,9 Sainte-Lucie
30%
28 1,2 Estonie
29%
18 1 Côte d'ivoire
28%
38 1,4 Mozambique
28%
18 1 Philippines
28%
33 1,3 République dominicaine
27%
38 1,4 Saint-Vincent-et-les-Grenadines
27%
3 0,5 Sao Tomé-et-Principe
27%
12 0,9 Suriname
27%
11 0,8 Trinité-et-Tobago
26%
46 1,6 Albanie
25%
25 1,1 Belize
25%
33 1,3 Botswana
25%
8 0,7 Lesotho
25%
12 0,9 Namibie
25%
28 1,2 Bénin
24%
1 0,4 Guinée Bissau
24%
8 0,7 Gambie
22%
46 1,6 Ghana
22%
50 1,7 Nicaragua
22%
52 1,8 Burkina Faso
19%
18 1 Timor Oriental
18%
6 0,6 Saint-Martin
2%
Aucun quiz correspondant
Distribution des résultats
% des personnes avec chaque résultat
Percentile par nombre de réponses
Votre historique - résultats
Vous n’avez pas pris ce quiz